| 000 | 00484nam a22001457a 4500 | ||
|---|---|---|---|
| 003 | MACL | ||
| 005 | 20151101124612.0 | ||
| 008 | 151101b xxu||||| |||| 00| 0 eng d | ||
| 040 | _cMACL | ||
| 041 | _aHindi | ||
| 100 |
_aपुर्णेन्दु कुमार _917270 |
||
| 245 | _aप्री-बी एड प्रवेश परीक्षा 2015 | ||
| 260 |
_aमेरठ _bअरिहन्त पब्लिकेशन्स _c2014 |
||
| 942 |
_2ddc _cHIN |
||
| 999 |
_c50486 _d50486 |
||